trouve les sportive grâce au indices - Statistiques

Statistiques générales
  • Ce quiz a été pris 193 fois
    188 depuis la dernière actualisation
  • Le résultat moyen est 9 sur 20
Statistiques - réponses
Hint Réponse % Correct
Le brésilien du moment Neymar
87%
maître du barça Lionel Messi
71%
entraîneur actuelle du Real Madrid Zinédine Zidane
65%
le meilleurs tennisman suisse Roger Federer
62%
LE joueur du basket français Tony Parker
62%
LE judoka de France Teddy Riner
59%
une légende du basket ayant le même nom que Michael Jackson Michael Jordan
56%
son nom ressemble a celui de Ronaldo Ronaldinho
56%
celui qui a tenté la main de Dieu Diego Maradona
55%
allez dit maria Angel Di Maria
53%
le mec a un verbe a son nom Zlatan Ibrahimovic
46%
Le joueur le plus moche jouant au Bayern Munich Franck Ribery
42%
LE joueur du club de basket des cavaliers Lebron james
42%
maître du Real Madrid Christiano Ronaldo
34%
le joueur anglais le plus connus au monde enfin peut être David Beckham
33%
meilleurs joueurs des lakers Kobe Bryant
29%
le plus grand catcheur de son époque John cena
17%
joueur mythique du psg Edinson Cavani
13%
le meilleur joueur de tout les temps Edson pelé
2%
le maître du taekwondo Jean Claude Vandamme
1%
Aucun quiz correspondant
Distribution des résultats
% des personnes avec chaque résultat
Percentile par nombre de réponses
Votre historique - résultats
Vous n’avez pas pris ce quiz depuis la dernière actualisation